000 00881nas a2200277 4500
001 BR2012007181
003 BR-BrBNA
005 20231205121218.0
007 ta
008 230509b bl.|||p| |||| 00| 00por d
040 _aBR-BrBNA
_bpor
_cBiblioteca Nacional de Agricultura
041 _a(Pt)
072 _aL53
100 1 _aMuniz, J.A.S. de M.
100 1 _aCatanho, M.T.J. de A.
100 1 _aSantos, A.J.G. dos
245 1 _aInfluência do fotoperíodo natural na reprodução induzida do tambaqui, Colossoma macropomum (CUVIER, 1818)
650 _aTAMBAQUI
650 _aCOLOSSOMA MACROPOMUM
650 _aREPRODUÇÃO ANIMAL
650 _aOVULAÇÃO
650 _aHORMÔNIO
773 0 _tBoletim do Instituto de Pesca (Brazil)
_xISSN 0046-9939
_g(2008), v. 34 (2) p. 205-211
_wBR2012007181
909 _a202311
_bLúcia
_c55
_dLúcia Elande
942 _2AGRIS
_n0
_cANA
999 _c222350
_d222350